000 00375 a2200169 4500
001 157393
020 _a9788571533677
040 _cEscola São Tomás de Aquino
100 _aVALE, Mario
240 1 0 _aO elefante e a formiga
_l
245 1 0 _aO elefante e a formiga
300 _a24
362 0 _a2018
440 1 _aRHJ
697 _a*LITERATURA INFANTIL
942 _cBK
999 _c157393
_d157393